000
00449nam a2200145Ia 4500
008
100122s9999 xx 000 0 und d
082
_b
66562
_a
823.08
100
_a
वर्दे दीपा
245
_a
मृगजळाची तहान
260
_b
वसंत बुक स्टॉल
_c
2004
300
_a
155
630
_a
मृगजळाची तहान
730
_a
मृगजळाची तहान
942
_c
BOOK
999
_c
439044
_d
439041